Browsing Similar or Related Data Entities by Bredth-Forst Search in the Semantic Web

Gespeichert in:
Bibliographische Detailangaben
1. Verfasser: Rástočný, Karol (Verfasst von)
Format: Artikel
Sprache:Englisch
Schlagworte:
Tags: Tag hinzufügen
Keine Tags, Fügen Sie das erste Tag hinzu!

MARC

LEADER 00000naa a22000003a 4500
001 stu203661
005 20220317185607.0
008 100513s2010------------------------eng-d
040 |a STU  |b slo 
041 0 |a eng 
100 1 |a Rástočný, Karol  |4 aut  |u I200  |U FIIT Fakulta informatiky a informačných technológií  |T FIIT Ústav informatiky a softvérového inžinierstva  |X 36279  |U I200  |Y 179  |7 36279 
242 0 0 |a Prehliadanie podobných entít vo webe so sémantikou 
245 1 |a Browsing Similar or Related Data Entities by Bredth-Forst Search in the Semantic Web 
650 7 |a web so semantikou  |2 stusub 
650 7 |a podobnosť entít  |2 stusub 
650 7 |a prieskumné vyhľadávanie  |2 stusub 
773 0 |d Bratislava : Nakladateľstvo STU, 2010  |t Workshop on the Web - Science, Technologies and Engineering : 7th Spring 2010 PeWe Ontožúr Smolenice Castle, Slovakia April 18, 2010 Proceedings  |w stu_us_cat*stu203620  |g s.15-16  |z 978-80-227-3274-1  |7 nnam 
996 |c RÁS  |l I  |s P  |a 0  |w stu203661_0001 
996 |c RÁS  |l I  |s P  |a 0  |w stu203661_0002